000 00724nam a2200277Ia 4500
001 19675
005 20240113235942.0
007 ta
008 060211s1996 a g b000 u 465 u
020 _a0 521 56565 0
040 _aCotton College,Assam
041 _a465
082 _a530
_bNa 17 Li
100 _aNarlikar, Jayant V..
245 0 _aThe Lighter Side of Gravity /
_cJayant V.Narlikar.
_hTextual Documents
250 _a2nd ed. /
260 _aCambridge :
_bCambridge University Press ,
_cC1996.
300 _aix,217p. :
_bill ;
_c22cm .
504 _aindex
653 _aPhysics
653 _aGravity
653 _aG-Physics
942 _2ddc
_cBK
999 _c19657
_d19657